000 00379nam a2200157Ia 4500
008 240729s9999 xx 000 0 und d
022 _a2054-1058
245 0 _aNursing Open
260 _aUnited Kingdom
260 _bWiley
650 _a Nursing
650 _aMedicine
856 _uhttps://doaj.org/toc/85ef20d2d7564cb8968d29f29ab1e7bb
942 _2ddc
942 _cDOAJEJ
999 _c72667
_d72667
945 _a1
_bMadushi Gamage
_c1
_dMadushi Gamage